000 00604nam a2200217Ia 4500
005 20250508164357.0
008 008 250505s9999 xx 000 0 eng d
020 _a81-7055-563-9
037 _aTextual
040 _aFEDL
_beng
_cFEDL
041 _aeng
_2eng
084 _a891.433, JOS
_qFEDL
100 _aJoshI Sharad
_9393049
245 0 _aJharta neem: Shashwat theem
260 _aNew Delhi, India
_bVani Prakashan
_c2005
300 _a227p.
365 _aINR
_b250
650 _aHindi literature-Fiction
_9722739
942 _cTEXL
_h891.433, JOS
999 _c1388835
_d1388835